| 000 | 00888cam a22002537a 4500 | ||
|---|---|---|---|
| 001 | 001288 | ||
| 003 | armpunfd | ||
| 005 | 20140612090636.0 | ||
| 008 | 030930e0####xx#a##########000#0#und#d | ||
| 040 |
_aarmpunfd _carmpunfd |
||
| 080 | _a34.03 M 366C | ||
| 100 | 1 | 0 | _a Martinez Paz, Fernando |
| 245 | 1 | 0 | _aLa construccion del mundo juridico multidimensional |
| 260 |
_a Ordoba : Academia Nacional De Derecho Y Ciencias Sociales De Cordoba _b2003. Volumen Xxxvi. Isbn : 987-1123-04-3. 128P. |
||
| 650 | 7 |
_a Etica Del Derecho _2LEMB |
|
| 650 | 7 |
_a Globalizacion _2LEMB |
|
| 650 | 7 |
_a Modelo Juridico Multidimensional _2LEMB |
|
| 650 | 7 |
_a Multiculturalismo _2LEMB |
|
| 650 | 7 |
_a Positivismo _2LEMB |
|
| 650 | 7 |
_a Posmodernidad _2LEMB |
|
| 650 | 7 |
_a Teoria General Del Derecho _2LEMB |
|
| 942 |
_cLB _2cdu |
||
| 945 |
_aCatalis _d2010-08-19 |
||
| 999 |
_c1279 _d231783 |
||